[Event "Stare Mesto op"]
[Site "Stare Mesto"]
[Date "2024.08.24"]
[Round "10"]
[White "Worek, Joanna"]
[Black "Travnicek, Krystof Mikulas"]
[Result "1/2-1/2"]
[WhiteElo "2256"]
[BlackElo "2186"]
[PlyCount "36"]
[EventDate "2024.08.16"]
[EventType "swiss"]
[EventRounds "10"]
[EventCountry "CZE"]
[SourceTitle "EXT 2025"]
[Source "ChessBase"]
[SourceDate "2024.10.14"]
[SourceVersion "1"]
[SourceVersionDate "2024.10.14"]
[SourceQuality "1"]

1. e4 e6 2. d4 d5 3. exd5 exd5 4. Nf3 Bd6 5. c4 c6 6. cxd5 cxd5 7. Bd3 Ne7 8. 0-0 0-0 9. Qc2 h6 10. Be3 Nbc6 11. a3 Bg4 12. Nh4 Be6 13. Nc3 Rc8 14. Rad1 Na5 15. Qd2 Nb3 16. Qe2 Qd7 17. Bb1 Na5 18. f4 f5 1/2-1/2

[Event "Stare Mesto op"]
[Site "Stare Mesto"]
[Date "2024.08.18"]
[Round "4"]
[White "Bures, Jaroslav"]
[Black "Travnicek, Krystof Mikulas"]
[Result "1/2-1/2"]
[WhiteElo "2420"]
[BlackElo "2186"]
[PlyCount "75"]
[EventDate "2024.08.16"]
[EventType "swiss"]
[EventRounds "10"]
[EventCountry "CZE"]
[SourceTitle "EXT 2025"]
[Source "ChessBase"]
[SourceDate "2024.10.14"]
[SourceVersion "1"]
[SourceVersionDate "2024.10.14"]
[SourceQuality "1"]

1. Nf3 Nf6 2. c4 e6 3. g3 d5 4. Bg2 Be7 5. 0-0 0-0 6. d3 c5 7. Nbd2 Nc6 8. a3 b6 9. cxd5 Nxd5 10. Nc4 Bb7 11. Bd2 Nd4 12. Nxd4 cxd4 13. Rc1 f6 14. Qa4 Qe8 15. Qxe8 Rfxe8 16. Rc2 Rac8 17. Rfc1 Rc7 18. e4 dxe3 19. Nxe3 Rxc2 20. Nxc2 Rc8 21. Nd4 Rxc1+ 22. Bxc1 Kf7 23. Nb5 a6 24. Nc7 Bd6 25. Nxd5 Bxd5 26. Bxd5 exd5 27. Be3 b5 28. f4 Ke6 29. Kf2 h5 30. Kf3 f5 31. Bb6 g6 32. Ke3 Be7 33. h4 Kd6 34. Bd4 Kc6 35. Kd2 Bd6 36. Kc3 Be7 37. Kb3 Bd6 38. Kc3 1/2-1/2

[Event "Stare Mesto op"]
[Site "Stare Mesto"]
[Date "2024.08.17"]
[Round "2"]
[White "Knotek, Josef"]
[Black "Travnicek, Krystof Mikulas"]
[Result "0-1"]
[WhiteElo "1927"]
[BlackElo "2186"]
[PlyCount "94"]
[EventDate "2024.08.16"]
[EventType "swiss"]
[EventRounds "10"]
[EventCountry "CZE"]
[SourceTitle "EXT 2025"]
[Source "ChessBase"]
[SourceDate "2024.10.14"]
[SourceVersion "1"]
[SourceVersionDate "2024.10.14"]
[SourceQuality "1"]

1. d4 Nf6 2. Nf3 c5 3. e3 g6 4. c4 Bg7 5. Nc3 0-0 6. Be2 cxd4 7. exd4 d5 8. c5 Nc6 9. h3 Ne4 10. Be3 Nxc3 11. bxc3 b6 12. cxb6 axb6 13. 0-0 Ba6 14. Bxa6 Rxa6 15. Qd3 Qa8 16. Rfb1 Rc8 17. Rb5 e6 18. Rab1 Qa7 19. Ne5 Nxe5 20. dxe5 Bxe5 21. Bxb6 Qa8 22. Bd4 Bxd4 23. Qxd4 Rxa2 24. R1b3 Ra3 25. Qe5 Rxb3 26. Rxb3 Qa7 27. Qf6 h5 28. g4 hxg4 29. hxg4 Qa4 30. Rb4 Qa1+ 31. Kg2 Qxc3 32. Qe7 Qc5 33. Qb7 Qc6 34. Qe7 Qc5 35. Qb7 g5 36. Rb5 Qc7 37. Qa6 Rb8 38. Ra5 Qb6 39. Qxb6 Rxb6 40. Ra8+ Kg7 41. Rd8 Rb4 42. f3 Kf6 43. Kf2 Ke5 44. Rg8 Kf4 45. Rf8 Rb2+ 46. Ke1 Kxf3 47. Rxf7+ Kxg4 0-1

[Event "Stare Mesto op"]
[Site "Stare Mesto"]
[Date "2024.08.16"]
[Round "1"]
[White "Travnicek, Krystof Mikulas"]
[Black "Palla, Stanislav"]
[Result "1-0"]
[WhiteElo "2186"]
[BlackElo "1754"]
[PlyCount "73"]
[EventDate "2024.08.16"]
[EventType "swiss"]
[EventRounds "10"]
[EventCountry "CZE"]
[SourceTitle "EXT 2025"]
[Source "ChessBase"]
[SourceDate "2024.10.14"]
[SourceVersion "1"]
[SourceVersionDate "2024.10.14"]
[SourceQuality "1"]

1. c4 Nf6 2. Nc3 g6 3. e4 d6 4. d4 Bg7 5. Nf3 0-0 6. Be2 c6 7. 0-0 Qc7 8. Be3 b6 9. Qd2 Nbd7 10. Rad1 Bb7 11. Bg5 Rfe8 12. Rfe1 Rad8 13. Bf1 h5 14. h3 Kh7 15. Qf4 Nf8 16. Qh4 Ne6 17. Bc1 Kg8 18. d5 Nf8 19. Nd4 a6 20. f4 c5 21. Nf3 N6h7 22. e5 e6 23. Qg3 dxe5 24. fxe5 exd5 25. cxd5 Nd7 26. Bf4 Qc8 27. Ne4 Ndf8 28. Nd6 Rxd6 29. exd6 Rxe1 30. Qxe1 Qf5 31. Be5 f6 32. Bc3 Bxd5 33. Nh4 Qe6 34. Qxe6+ Bxe6 35. Nxg6 Nxg6 36. d7 Bxd7 37. Rxd7 1-0

[Event "CZE-chT1E 2324"]
[Site "Czech Republic"]
[Date "2024.02.18"]
[Round "8.5"]
[White "Holemar, David"]
[Black "Travnicek, Krystof Mikulas"]
[Result "1/2-1/2"]
[WhiteElo "2187"]
[BlackElo "2148"]
[PlyCount "41"]
[EventDate "2023.10.22"]
[EventType "team-tourn"]
[EventRounds "11"]
[EventCountry "CZE"]
[SourceTitle "EXT 2025"]
[Source "ChessBase"]
[SourceDate "2024.10.14"]
[SourceVersion "1"]
[SourceVersionDate "2024.10.14"]
[SourceQuality "1"]
[WhiteTeam "Brno Moravska Slavia II"]
[BlackTeam "Vlcnov"]
[WhiteTeamCountry "CZE"]
[BlackTeamCountry "CZE"]

1. d4 d5 2. Nf3 Nf6 3. Bg5 Ne4 4. Bf4 c5 5. dxc5 e6 6. Nbd2 Nxc5 7. e3 Nc6 8. Be2 Bd6 9. Bxd6 Qxd6 10. c4 0-0 11. cxd5 Qxd5 12. Nc4 Rd8 13. 0-0 b6 14. Qc2 Ba6 15. Rfd1 Qe4 16. Qxe4 Nxe4 17. Kf1 Rxd1+ 18. Rxd1 Rd8 19. Rxd8+ Nxd8 20. Ke1 Kf8 21. Nd4 1/2-1/2

[Event "Skalica op-A"]
[Site "Skalica"]
[Date "2023.08.27"]
[Round "9"]
[White "Travnicek, Krystof Mikulas"]
[Black "Rakovsky, Jakub"]
[Result "1/2-1/2"]
[WhiteElo "2154"]
[BlackElo "1970"]
[PlyCount "63"]
[EventDate "2023.08.19"]
[EventType "swiss"]
[EventRounds "9"]
[EventCountry "SVK"]
[SourceTitle "CBM 215 Extra"]
[Source "ChessBase"]
[SourceDate "2023.09.30"]
[SourceVersion "1"]
[SourceVersionDate "2023.09.30"]
[SourceQuality "1"]

1. Nf3 d5 2. e3 Nf6 3. c4 c6 4. Nc3 e6 5. b3 Nbd7 6. Qc2 Bd6 7. Bb2 0-0 8. Be2 Re8 9. d4 h6 10. 0-0 b6 11. cxd5 exd5 12. Rac1 Bb7 13. Rfd1 Rc8 14. Bf1 Ne4 15. Nxe4 dxe4 16. Ne5 Qc7 17. Qxe4 Nxe5 18. dxe5 Bxe5 19. Bxe5 Rxe5 20. Qf4 Re7 21. Qg4 c5 22. Rd2 Bc6 23. Rcd1 Ree8 24. Qh4 Qe7 25. Qxe7 Rxe7 26. g3 Kf8 27. Bg2 Bxg2 28. Kxg2 Ke8 29. Kf3 Rec7 30. e4 c4 31. bxc4 Rxc4 32. Rd7 1/2-1/2

[Event "Skalica op-A"]
[Site "Skalica"]
[Date "2023.08.21"]
[Round "3"]
[White "Travnicek, Krystof Mikulas"]
[Black "Sokolovsky, Jakub"]
[Result "1/2-1/2"]
[WhiteElo "2154"]
[BlackElo "1908"]
[PlyCount "33"]
[EventDate "2023.08.19"]
[EventType "swiss"]
[EventRounds "9"]
[EventCountry "SVK"]
[SourceTitle "CBM 215 Extra"]
[Source "ChessBase"]
[SourceDate "2023.09.30"]
[SourceVersion "1"]
[SourceVersionDate "2023.09.30"]
[SourceQuality "1"]

1. e4 c5 2. Nf3 d6 3. Bb5+ Nd7 4. 0-0 a6 5. Bd3 Ngf6 6. c3 b5 7. a4 Bb7 8. Re1 e6 9. axb5 axb5 10. Rxa8 Qxa8 11. Bxb5 Bxe4 12. d3 Bxf3 13. Qxf3 Qxf3 14. gxf3 Be7 15. d4 cxd4 16. cxd4 0-0 17. Nc3 1/2-1/2

[Event "Skalica op-A"]
[Site "Skalica"]
[Date "2023.08.19"]
[Round "1"]
[White "Travnicek, Krystof Mikulas"]
[Black "Hrbek, Jachym"]
[Result "1-0"]
[WhiteElo "2154"]
[BlackElo "1872"]
[PlyCount "102"]
[EventDate "2023.08.19"]
[EventType "swiss"]
[EventRounds "9"]
[EventCountry "SVK"]
[SourceTitle "CBM 215 Extra"]
[Source "ChessBase"]
[SourceDate "2023.09.30"]
[SourceVersion "1"]
[SourceVersionDate "2023.09.30"]
[SourceQuality "1"]

1. e4 c5 2. Nc3 Nc6 3. Bb5 g6 4. Bxc6 dxc6 5. d3 Bg7 6. Be3 b6 7. Nge2 Nf6 8. h3 e5 9. a3 a5 10. Qd2 0-0 11. 0-0 Ne8 12. f4 exf4 13. Bxf4 Nc7 14. Rf2 Ne6 15. Bh6 Nd4 16. Bxg7 Kxg7 17. Raf1 Ra7 18. Nf4 f5 19. exf5 Bxf5 20. g4 Be6 21. Nh5+ gxh5 22. Rxf8 Qh4 23. Qf2 Qxf2+ 24. R8xf2 hxg4 25. hxg4 Bxg4 26. Rg2 h5 27. Ne4 Rf7 28. Rxf7+ Kxf7 29. Rf2+ Nf5 30. Nd6+ Ke6 31. Nxf5 Bxf5 32. Kg2 a4 33. Kg3 Ke5 34. Re2+ Kd6 35. Kf4 Bg4 36. Re3 Bd1 37. c3 Kd5 38. Re5+ Kd6 39. Re1 Bg4 40. Re8 b5 41. Rg8 Bd1 42. Ke4 Bc2 43. Rg6+ Kc7 44. Rg2 Bb1 45. Rg1 Ba2 46. Rg5 Bd5+ 47. Kf4 Bb3 48. Rxh5 Bc2 49. Ke3 Kd6 50. d4 Bd1 51. Rxc5 Bg4 1-0

[Event "Stare Mesto op"]
[Site "Stare Mesto"]
[Date "2023.08.11"]
[Round "7"]
[White "Babula, Matej"]
[Black "Travnicek, Krystof Mikulas"]
[Result "1/2-1/2"]
[WhiteElo "1893"]
[BlackElo "2154"]
[PlyCount "29"]
[EventDate "2023.08.05"]
[EventType "swiss"]
[EventRounds "9"]
[EventCountry "CZE"]
[SourceTitle "EXT 2024"]
[Source "ChessBase"]
[SourceDate "2023.10.10"]
[SourceVersion "1"]
[SourceVersionDate "2023.10.10"]
[SourceQuality "1"]

1. e4 e6 2. d4 d5 3. Nd2 Be7 4. Bd3 c5 5. dxc5 Nf6 6. exd5 Qxd5 7. Qf3 Nbd7 8. Nb3 Nxc5 9. Nxc5 Qxf3 10. Nxf3 Bxc5 11. 0-0 Ke7 12. Bg5 h6 13. Bxf6+ Kxf6 14. Rad1 Rb8 15. Be4 1/2-1/2

[Event "Stare Mesto op"]
[Site "Stare Mesto"]
[Date "2023.08.08"]
[Round "4"]
[White "Shengelia, Davit"]
[Black "Travnicek, Krystof Mikulas"]
[Result "1-0"]
[WhiteElo "2510"]
[BlackElo "2154"]
[PlyCount "43"]
[EventDate "2023.08.05"]
[EventType "swiss"]
[EventRounds "9"]
[EventCountry "CZE"]
[SourceTitle "EXT 2024"]
[Source "ChessBase"]
[SourceDate "2023.10.10"]
[SourceVersion "1"]
[SourceVersionDate "2023.10.10"]
[SourceQuality "1"]

1. d4 d5 2. Nf3 Nf6 3. c4 e6 4. Nc3 Be7 5. Bf4 0-0 6. e3 Nbd7 7. Rc1 c5 8. cxd5 Nxd5 9. Nxd5 exd5 10. Be2 c4 11. 0-0 b5 12. b3 Nf6 13. a4 a6 14. Ne5 Qb6 15. Bf3 Be6 16. bxc4 bxc4 17. Rb1 Qa7 18. Nxc4 Bf5 19. Rb2 Ne4 20. Nb6 Rad8 21. a5 h6 22. Qb3 1-0

[Event "Stare Mesto op"]
[Site "Stare Mesto"]
[Date "2023.08.07"]
[Round "3"]
[White "Kulich, Daniel"]
[Black "Travnicek, Krystof Mikulas"]
[Result "0-1"]
[WhiteElo "1899"]
[BlackElo "2154"]
[PlyCount "34"]
[EventDate "2023.08.05"]
[EventType "swiss"]
[EventRounds "9"]
[EventCountry "CZE"]
[SourceTitle "EXT 2024"]
[Source "ChessBase"]
[SourceDate "2023.10.10"]
[SourceVersion "1"]
[SourceVersionDate "2023.10.10"]
[SourceQuality "1"]

1. d4 d5 2. c4 e6 3. g3 Nf6 4. Bg2 c6 5. Nf3 dxc4 6. 0-0 b5 7. a4 Bb7 8. Ne5 a6 9. b3 cxb3 10. Qxb3 Be7 11. Na3 Nd5 12. Rd1 0-0 13. e4 Nb6 14. a5 N6d7 15. Nac4 Nxe5 16. dxe5 bxc4 17. Rxd8 cxb3 0-1

[Event "CZE-chT2E 2223"]
[Site "Czech Republic"]
[Date "2023.02.19"]
[Round "9.4"]
[White "Hladky, Tadeas"]
[Black "Travnicek, Krystof Mikulas"]
[Result "0-1"]
[WhiteElo "1963"]
[BlackElo "2130"]
[PlyCount "68"]
[EventDate "2022.10.16"]
[EventType "team-tourn"]
[EventRounds "11"]
[EventCountry "CZE"]
[SourceTitle "EXT 2024"]
[Source "ChessBase"]
[SourceDate "2023.10.10"]
[SourceVersion "1"]
[SourceVersionDate "2023.10.10"]
[SourceQuality "1"]
[WhiteTeam "Jundrov Jezdci II"]
[BlackTeam "Brno VSK Univ"]
[WhiteTeamCountry "CZE"]
[BlackTeamCountry "CZE"]

1. e4 e6 2. d4 d5 3. Nd2 Be7 4. Ngf3 Nf6 5. Bd3 c5 6. exd5 Qxd5 7. 0-0 cxd4 8. Bc4 Qd6 9. Nb3 e5 10. Qe2 Nc6 11. Bb5 Nd7 12. Rd1 Qc7 13. Re1 0-0 14. Bxc6 bxc6 15. Nbxd4 Bf6 16. Nb3 c5 17. Bg5 Bxg5 18. Nxg5 Bb7 19. Rad1 h6 20. Ne4 c4 21. Nbd2 Nb6 22. Nc3 Qc6 23. f3 Rfe8 24. Nde4 Rad8 25. Rxd8 Rxd8 26. Rd1 Rd4 27. Nf2 f6 28. Nce4 Nd5 29. Rxd4 exd4 30. b3 c3 31. Qd3 Nf4 32. Qd1 Ba6 33. Ng3 d3 34. Nxd3 Bxd3 0-1

[Event "CZE-chT2E 2223"]
[Site "Czech Republic"]
[Date "2023.02.05"]
[Round "8.3"]
[White "Obsivac, Josef"]
[Black "Travnicek, Krystof Mikulas"]
[Result "1/2-1/2"]
[WhiteElo "2275"]
[BlackElo "2130"]
[PlyCount "43"]
[EventDate "2022.10.16"]
[EventType "team-tourn"]
[EventRounds "11"]
[EventCountry "CZE"]
[SourceTitle "EXT 2024"]
[Source "ChessBase"]
[SourceDate "2023.10.10"]
[SourceVersion "1"]
[SourceVersionDate "2023.10.10"]
[SourceQuality "1"]
[WhiteTeam "Grygov"]
[BlackTeam "Brno VSK Univ"]
[WhiteTeamCountry "CZE"]
[BlackTeamCountry "CZE"]

1. d4 Nf6 2. c4 e6 3. Nf3 d5 4. Nc3 c6 5. Bg5 Nbd7 6. e3 Qa5 7. cxd5 Nxd5 8. Rc1 Nxc3 9. bxc3 Ba3 10. Rc2 b6 11. Be2 Ba6 12. 0-0 Bxe2 13. Qxe2 0-0 14. e4 Rfe8 15. Rd1 Be7 16. e5 c5 17. Bxe7 Rxe7 18. Ng5 Rc8 19. d5 exd5 20. Rxd5 Qa4 21. Rcd2 Rce8 22. e6 1/2-1/2

[Event "CZE-chT1E 2223"]
[Site "Czech Republic"]
[Date "2022.11.26"]
[Round "3.3"]
[White "Travnicek, Krystof Mikulas"]
[Black "Vrana, Frantisek"]
[Result "0-1"]
[WhiteElo "2114"]
[BlackElo "2212"]
[PlyCount "78"]
[EventDate "2022.10.08"]
[EventType "team-tourn"]
[EventRounds "11"]
[EventCountry "CZE"]
[SourceTitle "CBM 213 Extra"]
[Source "ChessBase"]
[SourceDate "2023.05.31"]
[SourceVersion "1"]
[SourceVersionDate "2023.05.31"]
[SourceQuality "1"]
[WhiteTeam "Vlcnov"]
[BlackTeam "Stare Mesto"]
[WhiteTeamCountry "CZE"]
[BlackTeamCountry "CZE"]

1. e4 d5 2. exd5 Qxd5 3. Nc3 Qa5 4. d4 Nf6 5. Bc4 Bf5 6. Nf3 Nbd7 7. Bd2 c6 8. Qe2 Qb6 9. 0-0-0 e6 10. Nh4 Bg6 11. Nxg6 hxg6 12. d5 cxd5 13. Bxd5 Bb4 14. a3 Bxc3 15. Bxc3 Nxd5 16. Rxd5 Nf6 17. Rd3 0-0 18. Rhd1 Rfd8 19. Bxf6 gxf6 20. Qf3 Rxd3 21. Rxd3 Kg7 22. Rb3 Qa5 23. c3 Rb8 24. Rxb7 Qg5+ 25. Kb1 Rxb7 26. Qxb7 Qf5+ 27. Ka2 Qxf2 28. c4 Qd4 29. Qb5 e5 30. Kb3 Qd3+ 31. Ka4 e4 32. c5 Qxb5+ 33. Kxb5 e3 34. c6 e2 35. c7 e1Q 36. c8Q Qe2+ 37. Ka4 Qxb2 38. Qc7 Qd4+ 39. Kb3 g5 0-1

[Event "CZE-chT1E 2223"]
[Site "Czech Republic"]
[Date "2022.10.08"]
[Round "1.6"]
[White "Travnicek, Krystof Mikulas"]
[Black "Mrazek, Roman1"]
[Result "1/2-1/2"]
[WhiteElo "2114"]
[BlackElo "2012"]
[PlyCount "76"]
[EventDate "2022.10.08"]
[EventType "team-tourn"]
[EventRounds "11"]
[EventCountry "CZE"]
[SourceTitle "CBM 210 Extra"]
[Source "ChessBase"]
[SourceDate "2022.11.30"]
[SourceVersion "1"]
[SourceVersionDate "2022.11.30"]
[SourceQuality "1"]
[WhiteTeam "Vlcnov"]
[BlackTeam "Poruba Slavoj II"]
[WhiteTeamCountry "CZE"]
[BlackTeamCountry "CZE"]

1. e4 c5 2. Nc3 e6 3. f4 d5 4. Nf3 Nc6 5. Bb5 Nge7 6. 0-0 a6 7. Be2 dxe4 8. Nxe4 Nd5 9. d3 Be7 10. Ne5 Qc7 11. c4 Nf6 12. Qa4 Bd7 13. Nxd7 Qxd7 14. Be3 Nxe4 15. dxe4 Rd8 16. Rad1 Nd4 17. Qxd7+ Rxd7 18. Bd3 0-0 19. Rd2 Rfd8 20. Rfd1 Nc6 21. e5 g6 22. Be4 Nd4 23. g3 f5 24. Bg2 Kf7 25. Kf1 Ke8 26. a3 g5 27. Bxd4 cxd4 28. b4 gxf4 29. gxf4 Kf7 30. Ke2 Bf8 31. Rd3 Bh6 32. Rf1 Rg8 33. Bh1 Rg4 34. Rh3 Rxf4 35. Rxf4 Bxf4 36. Rxh7+ Ke8 37. Rh8+ Ke7 38. Rh7+ Ke8 1/2-1/2

[Event "Skalica op-A"]
[Site "Skalica"]
[Date "2022.08.26"]
[Round "7"]
[White "Travnicek, Krystof Mikulas"]
[Black "Novkovic, Julia"]
[Result "0-1"]
[WhiteElo "2164"]
[BlackElo "2077"]
[PlyCount "102"]
[EventDate "2022.08.20"]
[EventType "swiss"]
[EventRounds "9"]
[EventCountry "SVK"]
[SourceTitle "CBM 209 Extra"]
[Source "ChessBase"]
[SourceDate "2022.09.30"]
[SourceVersion "1"]
[SourceVersionDate "2022.09.30"]
[SourceQuality "1"]

1. d4 d5 2. c4 e6 3. Nf3 Nf6 4. g3 Be7 5. Bg2 0-0 6. 0-0 b6 7. cxd5 exd5 8. Nc3 c6 9. Bf4 Bb7 10. Rc1 Nbd7 11. Qa4 Re8 12. Rfd1 Nh5 13. Ne5 Nxe5 14. dxe5 Nxf4 15. gxf4 Bc5 16. Ne4 Bf8 17. Ng3 Qh4 18. e3 Rxe5 19. Rxc6 Bxc6 20. Qxc6 Ree8 21. Bxd5 Rad8 22. Bxf7+ Kxf7 23. Qc4+ Kf6 24. Qc6+ Kf7 25. Qc4+ Kf6 26. Qc6+ Bd6 27. Rxd6+ Kf7 28. Qd5+ Kf8 29. Kg2 Rxd6 30. Qxd6+ Qe7 31. Qd3 Qb7+ 32. f3 Qf7 33. b3 Kg8 34. f5 Rc8 35. Kh3 Qf6 36. Qd5+ Kf8 37. Ne4 Qe7 38. Kg4 Rd8 39. Qc4 h6 40. a4 Rd1 41. Qc8+ Rd8 42. Qc6 Qe5 43. f4 Qd5 44. Qc7 Qd1+ 45. Kh4 Qd7 46. Qe5 Re8 47. Nf6 gxf6 48. Qxf6+ Qf7 49. Qxh6+ Qg7 50. Qc6 Rxe3 51. Qc8+ Re8 0-1

[Event "Skalica op-A"]
[Site "Skalica"]
[Date "2022.08.23"]
[Round "4"]
[White "Travnicek, Krystof Mikulas"]
[Black "Sahidi, Samir"]
[Result "0-1"]
[WhiteElo "2164"]
[BlackElo "2477"]
[PlyCount "138"]
[EventDate "2022.08.20"]
[EventType "swiss"]
[EventRounds "9"]
[EventCountry "SVK"]
[SourceTitle "CBM 209 Extra"]
[Source "ChessBase"]
[SourceDate "2022.09.30"]
[SourceVersion "1"]
[SourceVersionDate "2022.09.30"]
[SourceQuality "1"]

1. e4 c5 2. Nc3 Nc6 3. Bb5 g6 4. Bxc6 bxc6 5. d3 Bg7 6. f4 d6 7. Nf3 Nh6 8. 0-0 f5 9. e5 Nf7 10. exd6 exd6 11. Re1+ Kf8 12. d4 cxd4 13. Nxd4 Bf6 14. Ne6+ Bxe6 15. Rxe6 Kg7 16. Be3 Re8 17. Rxe8 Qxe8 18. Qd2 Qe6 19. b3 d5 20. Re1 Nd6 21. Bxa7 Ne4 22. Nxe4 fxe4 23. Qe3 Qf7 24. Bd4 Rxa2 25. c3 Qe6 26. h3 h5 27. Rf1 Kh7 28. Rf2 Ra1+ 29. Rf1 Ra8 30. Kh2 Bxd4 31. cxd4 Rf8 32. g3 Qf6 33. Kg2 Ra8 34. Rf2 Ra1 35. Qc3 Rd1 36. Rd2 Rb1 37. Rb2 Rxb2+ 38. Qxb2 c5 39. b4 cxd4 40. b5 Qb6 41. Qb3 Qb7 42. b6 d3 43. Kf1 Qc6 44. Qb4 Qd7 45. b7 Qxh3+ 46. Kf2 Qh2+ 47. Ke3 Qg1+ 48. Kd2 Qf2+ 49. Kc3 Qe1+ 50. Kb3 Qxb4+ 51. Kxb4 d2 52. b8Q d1Q 53. Qc7+ Kh6 54. Qe5 Qb1+ 55. Kc5 Qb7 56. Qh8+ Qh7 57. Qf6 Qg8 58. Qe7 Qg7 59. Qg5+ Kh7 60. Kxd5 e3 61. f5 e2 62. fxg6+ Kg8 63. Qe3 Qd7+ 64. Kc4 Qa4+ 65. Kd5 Qa5+ 66. Kd6 e1Q 67. Qb3+ Kg7 68. Qf7+ Kh6 69. Qf4+ Kxg6 0-1

[Event "Skalica op-A"]
[Site "Skalica"]
[Date "2022.08.22"]
[Round "3"]
[White "Travnicek, Krystof Mikulas"]
[Black "Pap, Gyula"]
[Result "1/2-1/2"]
[WhiteElo "2164"]
[BlackElo "2481"]
[PlyCount "28"]
[EventDate "2022.08.20"]
[EventType "swiss"]
[EventRounds "9"]
[EventCountry "SVK"]
[SourceTitle "CBM 209 Extra"]
[Source "ChessBase"]
[SourceDate "2022.09.30"]
[SourceVersion "1"]
[SourceVersionDate "2022.09.30"]
[SourceQuality "1"]

1. e4 e5 2. Nf3 Nf6 3. Nxe5 d6 4. Nd3 Nxe4 5. Qe2 Qe7 6. Nf4 Nf6 7. d4 Qxe2+ 8. Bxe2 d5 9. Nc3 c6 10. Bd2 Bd6 11. 0-0-0 0-0 12. f3 b6 13. g4 Ba6 14. h4 Re8 1/2-1/2

[Event "Skalica op-A"]
[Site "Skalica"]
[Date "2022.08.21"]
[Round "2"]
[White "Rosol, Philip"]
[Black "Travnicek, Krystof Mikulas"]
[Result "0-1"]
[WhiteElo "1855"]
[BlackElo "2164"]
[PlyCount "59"]
[EventDate "2022.08.20"]
[EventType "swiss"]
[EventRounds "9"]
[EventCountry "SVK"]
[SourceTitle "CBM 209 Extra"]
[Source "ChessBase"]
[SourceDate "2022.09.30"]
[SourceVersion "1"]
[SourceVersionDate "2022.09.30"]
[SourceQuality "1"]

1. d4 d5 2. c4 e6 3. Nc3 a6 4. cxd5 exd5 5. Nf3 Nf6 6. Bg5 Be6 7. e3 Nbd7 8. Bd3 c6 9. 0-0 Bd6 10. Qc2 Qc7 11. g3 0-0 12. Nh4 g6 13. Kg2 Nh5 14. f4 f5 15. g4 Ng7 16. gxf5 Nxf5 17. Nxf5 Bxf5 18. h4 Rae8 19. Rae1 Bb4 20. h5 Qd6 21. Bxf5 gxf5 22. Kf2 Kh8 23. Rg1 Nf6 24. Bxf6+ Qxf6 25. Kf1 Qh4 26. Qe2 Rg8 27. Rxg8+ Rxg8 28. Qf3 Rg3 29. Qd1 Qh2 30. Ne2 0-1

[Event "Skalica op-A"]
[Site "Skalica"]
[Date "2022.08.20"]
[Round "1"]
[White "Travnicek, Krystof Mikulas"]
[Black "Soucek, Jan"]
[Result "1/2-1/2"]
[WhiteElo "2164"]
[BlackElo "1863"]
[PlyCount "59"]
[EventDate "2022.08.20"]
[EventType "swiss"]
[EventRounds "9"]
[EventCountry "SVK"]
[SourceTitle "CBM 209 Extra"]
[Source "ChessBase"]
[SourceDate "2022.09.30"]
[SourceVersion "1"]
[SourceVersionDate "2022.09.30"]
[SourceQuality "1"]

1. e4 c5 2. Nc3 e6 3. f4 Nc6 4. Nf3 Nge7 5. g3 d5 6. d3 g6 7. Bg2 Bg7 8. 0-0 0-0 9. e5 f6 10. exf6 Bxf6 11. Ne2 Qb6 12. c3 Bd7 13. Qc2 Nf5 14. Bd2 d4 15. Kh1 Rae8 16. Rae1 e5 17. a3 a5 18. fxe5 Nxe5 19. Nxe5 Bxe5 20. Nf4 Bc6 21. Be4 Kh8 22. Kg2 Qc7 23. c4 Bxf4 24. Bxf4 Qd7 25. Qd2 Nd6 26. Bxc6 Qxc6+ 27. Kg1 b6 28. Be5+ Kg8 29. Qh6 Qd7 30. Rxf8+ 1/2-1/2

[Event "Stare Mesto op"]
[Site "Stare Mesto"]
[Date "2022.08.18"]
[Round "7"]
[White "Setina, Vaclav"]
[Black "Travnicek, Krystof Mikulas"]
[Result "0-1"]
[WhiteElo "1760"]
[BlackElo "2164"]
[PlyCount "92"]
[EventDate "2022.08.12"]
[EventType "swiss"]
[EventRounds "9"]
[EventCountry "CZE"]
[SourceTitle "CBM 209 Extra"]
[Source "ChessBase"]
[SourceDate "2022.09.30"]
[SourceVersion "1"]
[SourceVersionDate "2022.09.30"]
[SourceQuality "1"]

1. d4 Nf6 2. Nf3 e6 3. g3 b5 4. Bg2 Bb7 5. 0-0 c5 6. b3 Be7 7. Bb2 0-0 8. Nbd2 cxd4 9. Nxd4 Bxg2 10. Kxg2 Qb6 11. c4 Qb7+ 12. Kg1 bxc4 13. Nxc4 d5 14. Ne5 Bd6 15. Nd3 Re8 16. Rc1 Na6 17. Rc6 Rad8 18. Qc2 Nb8 19. Nc5 Qa8 20. Rxd6 Rxd6 21. Nb5 Rc6 22. Bxf6 gxf6 23. b4 Nd7 24. Nd4 Rcc8 25. Qc1 a5 26. a3 Nxc5 27. bxc5 Qa7 28. Qf4 Qxc5 29. Qxf6 Qe7 30. Qf3 Rc4 31. e3 Qxa3 32. Qg4+ Kh8 33. Qh5 Qe7 34. Rb1 Rec8 35. Kg2 Rb4 36. Ra1 a4 37. Nf3 f6 38. Qh3 Ra8 39. Nd4 Rb6 40. Qg4 a3 41. Ra2 Rb2 42. Ra1 Ra6 43. Rc1 Ra8 44. Nxe6 a2 45. Nd4 Qe4+ 46. Qxe4 dxe4 0-1

[Event "Stare Mesto op"]
[Site "Stare Mesto"]
[Date "2022.08.16"]
[Round "5"]
[White "Murko, David"]
[Black "Travnicek, Krystof Mikulas"]
[Result "1-0"]
[WhiteElo "2213"]
[BlackElo "2164"]
[PlyCount "99"]
[EventDate "2022.08.12"]
[EventType "swiss"]
[EventRounds "9"]
[EventCountry "CZE"]
[SourceTitle "CBM 209 Extra"]
[Source "ChessBase"]
[SourceDate "2022.09.30"]
[SourceVersion "1"]
[SourceVersionDate "2022.09.30"]
[SourceQuality "1"]

1. e4 c5 2. Nf3 g6 3. d4 cxd4 4. Nxd4 Nc6 5. Nc3 Bg7 6. Be3 Nf6 7. Bc4 0-0 8. Bb3 Re8 9. h3 d6 10. 0-0 Na5 11. f4 b6 12. e5 Nxb3 13. axb3 dxe5 14. fxe5 Nd5 15. Qf3 Nxe3 16. Qxe3 Bb7 17. Nf3 a6 18. Rad1 Qc7 19. e6 fxe6 20. Qxe6+ Kh8 21. Nd5 Qg3 22. Qxb6 Bxd5 23. Rxd5 Bxb2 24. Rfd1 Rac8 25. Rd8 Kg7 26. Rxe8 Rxe8 27. Qxa6 Qc7 28. Qd3 Rc8 29. Rd2 Bf6 30. Kh1 Ra8 31. c4 Ra1+ 32. Rd1 Ra2 33. Nd4 Qe5 34. b4 Rb2 35. b5 Kh6 36. Nc6 Qg5 37. Qe4 Kg7 38. Nd8 Qg3 39. Nc6 h5 40. Rf1 Rb3 41. Rf3 Rxf3 42. Qxf3 Qe1+ 43. Kh2 h4 44. b6 Be5+ 45. Nxe5 Qxe5+ 46. Kg1 Qa1+ 47. Qf1 Qd4+ 48. Qf2 Qxc4 49. Qb2+ e5 50. Qxe5+ 1-0